000
00315nam a22001337a 4500
008
171101b xxu||||| |||| 00| 0 eng d
020
_a
9780133391510
041
_a
eng
080
_2
3 ED
_a
339
100
_a
59
101
_a
TRE
245
_a
BOND MARKETS ANLYSIS AND STRATEGIES
_c
FRANK.J.F
942
_2
udc
_c
BK
999
_c
37088
_d
37088